|
|
|
|
| LEADER |
00000naa2a2200000 4500 |
| 001 |
206048 |
| 005 |
20231031190604.0 |
| 035 |
|
|
|a (RuTPU)RU\TPU\book\224592
|
| 035 |
|
|
|a RU\TPU\book\224591
|
| 090 |
|
|
|a 206048
|
| 100 |
|
|
|a 20111222d1976 k y0rusy50 ca
|
| 101 |
0 |
|
|a rus
|
| 102 |
|
|
|a RU
|
| 200 |
1 |
|
|a Осветление гидролизных сред ионообменным волокном
|f К. А. Малышевская, Л. Г. Хижняк, А. А. Вайсбурд
|
| 320 |
|
|
|a Библиогр.: с. 105 (5 назв.)
|
| 461 |
|
0 |
|0 (RuTPU)RU\TPU\book\136931
|t Химия и химическая технология древесины
|o межвузовский сборник научных трудов
|f Сибирский технологический институт (СибТИ)
|d 1973-1977
|
| 463 |
|
0 |
|0 (RuTPU)RU\TPU\book\224411
|t Вып. 4
|v С. 101-105
|d 1976
|p 150 с.
|
| 700 |
|
1 |
|a Малышевская
|b К. А.
|
| 701 |
|
1 |
|a Хижняк
|b Л. Г.
|
| 701 |
|
1 |
|a Вайсбурд
|b А. А.
|
| 801 |
|
1 |
|a RU
|b 63413507
|c 20111222
|
| 801 |
|
2 |
|a RU
|b 63413507
|c 20111222
|g RCR
|
| 942 |
|
|
|c BK
|